ثقافة الاستسلام : (Record no. 13852)
[ view plain ]
| 000 -الفاتح | |
|---|---|
| حقل البيانات ثابتة الطول | 01379nam a2200313 i 4500 |
| 003 - محدد رقم الضبط | |
| رقم الضبط | EG-ScBUE |
| 005 - وقت وتاريخ اخر تعامل مع التسجيلة | |
| رقم الضبط | 20240818091556.0 |
| 008 - عناصر البيانات ثابتة الطول - معلومات عامة | |
| حقل البيانات ثابتة الطول | 100406s2005 le f b 00010 ara d |
| 020 ## - الرقم الدولى المعيارى للكتب | |
| الرقم الدولى المعيارى للكتاب | 995321892 |
| 020 ## - الرقم الدولى المعيارى للكتب | |
| الرقم الدولى المعيارى للكتاب | 9789953211893 |
| 040 ## - مصدر الفهرسة | |
| وكالة الفهرسة الأصلية | EG-ScBUE |
| لغة الفهرسة | ara |
| قواعد الوصف | rda |
| وكالة النسخ | EG-ScBUE |
| وكالة التعديل | EG-ScBUE |
| 043 ## - رمز المنطقة الجغرافية | |
| رمز المنطقة الجغرافية | a-is--- |
| -- | ma----- |
| 082 04 - رقم تصنيف ديوى العشرى | |
| رقم المادة | ح س ن |
| رقم الطبعة | 22 |
| رقم التصنيف | 956.94054 |
| 100 1# - المدخل الرئيسى - إسم شخصى | |
| 9 (RLIN) | 13367 |
| الإسم الشخصى | الحسن، بلال، |
| الدور | مؤلف. |
| 245 10 - بيان العنوان | |
| العنوان | ثقافة الاستسلام : |
| بقية العنوان | قراءة نقدية في كتابات كنعان مكية- حازم صاغية- صالح بشير- العفيف الأخضر- أمين المهدي / |
| بيان المسئوليه,etc | بلال الحسن. |
| 246 31 - العنوان الموازى | |
| عنوان صحيح/عنوان مختصر | Culture of surrender : |
| بقية العنوان | critical reading |
| 250 ## - بيان الطبعة | |
| بيان الطبعة | الطبعة الأولى. |
| 264 #1 - النشر، التوزيع | |
| مكان الناشر او الموزع | بيروت : |
| اسم الناشر او الموزع | رياض الريس للكتب والنشر، |
| تاريخ النشر أو التوزيع | 2005. |
| 300 ## - الوصف المادى | |
| التعداد | 284 صفحة ؛ |
| أبعاد الوعاء | 20 سم |
| 336 ## - نوع المحتوى | |
| source | rdacontent |
| Carrier Type Term | نص |
| Content Type Code | txt |
| 337 ## - نوع الوسيط | |
| Media Type Term | بدون وسيط |
| source | rdamedia |
| Media Type Code | n |
| 338 ## - نوع الحامل أو الناقل | |
| Carrier Type Term | مجلد |
| Carrier Type Code | nc |
| source | rdacarrier |
| 504 ## - تبصرة ببليوجرافية | |
| تبصرة ببليوجرافية,الخ | يشتمل على إرجاعات ببليوجرافية وكشافات. |
| 650 #7 - المدخل الاضافى بالموضوع-مصطلح موضوعى | |
| 9 (RLIN) | 13399 |
| مصطلح موضوعي أو اسم جغرافي كعنصر مدخل | النزاع العربي الإسرائيلي. |
| مصدر الرأس أو المصطلح | BUEsh |
| 651 #7 - المدخل الاضافى بالموضوع - اسم جغرافى | |
| مصدر الرأس أو المصطلح | BUEsh |
| الاسم الجغرافي | إسرائيل |
| التقسيم الفرعي العام | علاقات خارجية |
| التقسيم الفرعي الجغرافي | الدول العربية. |
| 651 #7 - المدخل الاضافى بالموضوع - اسم جغرافى | |
| مصدر الرأس أو المصطلح | BUEsh |
| الاسم الجغرافي | الدول العربية |
| التقسيم الفرعي العام | علاقات خارجية |
| التقسيم الفرعي الجغرافي | إسرائيل. |
| 655 ## - مصطلح تكشيفى-نوع/شكل | |
| التقسيم الفرعي الشكلي | Reading book |
| 942 ## - عناصر المدخل الإضافي( كوها) | |
| مصدر التصنيف او مخطط الترفيف | Dewey Decimal Classification |
| Koha [default] item type | Book - Borrowing |
| حالة التراجع | حالة الفقد | مصدر التصنيف او خطة الترفيف | حالة تلف | ليس للاعارة | مجموعات كوها | المكان الدائم | المكان الحالي | موقع الترفيف | تاريخ الاكتساب | Source of acquisition | سعر الشراء الطبيعي | تعداد مسلسل / التسلسل الزمني | رقم الاستدعاء | الباركود | Date last seen | نوع الوعاء |
|---|---|---|---|---|---|---|---|---|---|---|---|---|---|---|---|---|
| Dewey Decimal Classification | Alahram | Central Library | Central Library | Second Floor | 06/04/2010 | Purchase | 60.00 | 0991 | 956.94054 ا ل ح | 000020286 | 15/07/2025 | Book - Borrowing |